000 01347nam a2200349Ia 4500
001 ebr10385848
003 CaPaEBR
006 m u
007 cr cn|||||||||
008 091113s2010 enk sb 001 0 eng d
010 _z 2009047203
020 _z9780754677338 (hbk. : alk. paper)
020 _z9780754694519 (ebook)
040 _aCaPaEBR
_cCaPaEBR
035 _a(OCoLC)647926210
050 1 4 _aHQ759
_b.G756 2010eb
082 0 4 _a306.874/30844
_222
100 1 _aGreen, Trish.
245 1 0 _aMotherhood, absence and transition
_h[electronic resource] :
_bwhen adult children leave home /
_cTrish Green.
260 _aFarnham ;
_aBurlington, VT :
_bAshgate,
_cc2010.
300 _a186 p.
504 _aIncludes bibliographical references and index.
533 _aElectronic reproduction.
_bPalo Alto, Calif. :
_cebrary,
_d2010.
_nAvailable via World Wide Web.
_nAccess may be limited to ebrary affiliated libraries.
650 0 _aMotherhood
_xPsychological aspects.
650 0 _aEmpty nesters
_xPsychology.
650 0 _aParent and adult child.
650 0 _aSeparation (Psychology)
650 0 _aMother and child.
655 7 _aElectronic books.
_2local
710 2 _aebrary, Inc.
856 4 0 _uhttp://site.ebrary.com/lib/rucke/Doc?id=10385848
_zAn electronic book accessible through the World Wide Web; click to view
999 _c204848
_d204848